[Event "Berkeley CC Capablanca FNM; 30/90, SD/3"]
[Site "Berkeley"]
[Date "2011.09.23"]
[Round "2.9"]
[White "Muntean, Tudor"]
[Black "Jr, William Li"]
[Result "1-0"]
[WhiteElo "1901"]
[BlackElo "1489"]
[PlyCount "49"]
[EventDate "2011.??.??"]
[SourceDate "2007.10.22"]

1. e4 c6 2. d4 d5 3. Nc3 dxe4 4. Bc4 Nf6 5. f3 exf3 6. Nxf3 Bg4 7. Bxf7+ Kxf7
8. Ne5+ Kg8 9. Nxg4 Qd7 10. Ne5 Qe6 11. O-O Nbd7 12. Bf4 g6 13. Qe2 Bg7 14.
Rae1 Nd5 15. Nxd7 Bxd4+ 16. Kh1 Qxd7 17. Qc4 Bf6 18. Be5 Kg7 19. Nxd5 cxd5 20.
Bxf6+ exf6 21. Qc5 Rhe8 22. Rd1 Re5 23. c4 Rc8 24. Qd4 Rxc4 25. Qxc4 1-0

[Event "Berkeley CS Rubinstein FNM; 30/90, SD/3"]
[Site "Berkeley"]
[Date "2011.08.26"]
[Round "5.5"]
[White "Muntean, Tudor"]
[Black "Lesquillier, Walter"]
[Result "1-0"]
[WhiteElo "1863"]
[BlackElo "1696"]
[PlyCount "27"]
[EventDate "2011.??.??"]
[SourceDate "2007.10.22"]

1. e4 e5 2. Bc4 Nf6 3. d4 d5 4. exd5 exd4 5. Qxd4 Bd6 6. Nf3 Bg4 7. Nc3 O-O 8.
Be3 Nbd7 9. O-O-O Bc5 10. Qd2 Bxe3 11. fxe3 Qe7 12. Rde1 Nb6 13. Bb3 Rad8 14.
e4 {remainder illegible} 1-0

[Event "Berkeley CC Colle FNM; 30/90, SD/30"]
[Site "Berkeley"]
[Date "2011.06.24"]
[Round "3.5"]
[White "Muntean, Tudor"]
[Black "Lope, Greg"]
[Result "1/2-1/2"]
[WhiteElo "1755"]
[BlackElo "2024"]
[PlyCount "72"]
[EventDate "2011.??.??"]
[SourceDate "2007.10.22"]

1. e4 c5 2. d4 cxd4 3. c3 d3 4. Bxd3 d6 5. f4 a6 6. Be3 b5 7. Nf3 Nf6 8. h3 Bb7
9. Nbd2 e6 10. O-O Be7 11. Qe1 d5 12. e5 Ne4 13. Bxe4 dxe4 14. Ng5 Bxg5 15.
fxg5 Qd5 16. Qg3 Nd7 17. Rf4 Nxe5 18. Rxe4 Nc4 19. Rd4 Qc6 20. Nxc4 bxc4 21.
Rd6 Qe4 22. Re1 O-O 23. Bd4 Qg6 24. Rd7 Bd5 25. Rf1 h6 26. Bc5 hxg5 27. Bxf8
Rxf8 28. Ra7 f5 29. Rxa6 f4 30. Qg4 Rf5 31. Qe2 f3 32. gxf3 Qh5 33. Rxe6 Qxh3
34. Re8+ Kf7 35. Qe7+ Kg6 36. Qd6+ Rf6 1/2-1/2

[Event "Blackburne Friday Night Marathon"]
[Site "Berkeley"]
[Date "2009.04.17"]
[Round "6.6"]
[White "Muntean, Tudor"]
[Black "Magganas, Alexander"]
[Result "1/2-1/2"]
[WhiteElo "1456"]
[BlackElo "1241"]
[PlyCount "58"]
[EventDate "2009.??.??"]
[SourceDate "2007.10.22"]

1. e4 g6 2. d4 Bg7 3. Nc3 d6 4. f4 Nf6 5. Nf3 O-O 6. Bd3 c6 7. O-O Ne8 8. Qe2
Nd7 9. d5 c5 10. e5 Nb6 11. Be4 Nc7 12. Nh4 dxe5 13. fxe5 Bxe5 14. Bf4 Bxf4 15.
Rxf4 f5 16. Nxf5 Bxf5 17. Bxf5 Rxf5 18. Re4 Rf7 19. Rd1 Qd6 20. h4 Raf8 21. Rg4
Rf4 22. Ne4 Qe5 23. Rxf4 Rxf4 24. Re1 Qd4+ 25. Nf2 Ncxd5 26. Rd1 Qxb2 27. Nd3
Qf6 28. Nxf4 Nxf4 29. Qe4 Nh5 1/2-1/2

[Event "BCC Annual Championship"]
[Site "?"]
[Date "2008.11.14"]
[Round "4.11"]
[White "Muntean, Tudor"]
[Black "Magganas, Aristotle"]
[Result "1-0"]
[WhiteElo "1491"]
[BlackElo "1018"]
[PlyCount "77"]
[EventDate "2008.??.??"]
[SourceDate "2007.10.22"]

1. e4 c6 2. d4 d5 3. Nc3 dxe4 4. Nxe4 Bf5 5. Ng3 Bg6 6. h4 h6 7. h5 Bh7 8. Nf3
Nd7 9. Bd3 Bxd3 10. Qxd3 Qc7 11. O-O Ngf6 12. Be3 e6 13. Rac1 Bd6 14. c4 Bxg3
15. fxg3 Nxh5 16. Bf4 Nxf4 17. gxf4 Qxf4 18. Ne5 Qg5 19. Nxf7 Qe7 20. Qg6 Rf8
21. Nd6+ Kd8 22. Nxb7+ Kc7 23. Nc5 Nxc5 24. dxc5 Qxc5+ 25. Kh1 Rxf1+ 26. Rxf1
Qxc4 27. Qxg7+ Kb6 28. Rf7 Qh4+ 29. Kg1 Qe1+ 30. Rf1 Qe3+ 31. Rf2 Qe1+ 32. Rf1
Qe3+ 33. Rf2 Qe1+ 34. Rf1 Qe3+ 35. Kh2 Qg5 36. Qd4+ Kc7 37. Rf6 Rg8 38. Rf7+
Kc8 39. Qd7+ 1-0

[Event "Joseph Henry Blackburne FNM; 30/90, SD/"]
[Site "Berkeley"]
[Date "2009.03.20"]
[Round "2.7"]
[White "Muntean, Tudor"]
[Black "Motschenbacher, Von"]
[Result "1-0"]
[WhiteElo "1456"]
[BlackElo "1717"]
[PlyCount "43"]
[EventDate "2009.??.??"]
[SourceDate "2007.10.22"]

1. e4 e6 2. d4 d5 3. exd5 exd5 4. c4 c6 5. Nc3 Bb4 6. Bf4 Ne7 7. Qb3 Qa5 8. Rc1
Be6 9. c5 Nf5 10. Nf3 Nd7 11. a3 Bxc3+ 12. Rxc3 O-O-O 13. Bd3 Rde8 14. O-O Nf6
15. Ng5 Nxd4 16. Qd1 Nf5 17. Bxf5 Bxf5 18. Nxf7 Ne4 19. Rf3 Bg4 20. Nxh8 Rxh8
21. b4 Qb5 22. Qd4 1-0

[Event "Berkeley CC Colle FNM; 30/90, SD/30"]
[Site "Berkeley"]
[Date "2011.06.17"]
[Round "2.3"]
[White "Muntean, Tudor"]
[Black "Narayanan, Praveen"]
[Result "1/2-1/2"]
[WhiteElo "1755"]
[BlackElo "1903"]
[PlyCount "37"]
[EventDate "2011.??.??"]
[SourceDate "2007.10.22"]

1. e4 e6 2. d4 d5 3. e5 c5 4. c3 Nc6 5. Nf3 Qb6 6. Bd3 Bd7 7. O-O cxd4 8. cxd4
Nxd4 9. Nxd4 Qxd4 10. Nc3 Be7 11. Re1 Kf8 12. Kh1 Nh6 13. Be3 Qh4 14. g3 Qh3
15. Bf1 Qf5 16. Bxh6 gxh6 17. Bd3 Qh3 18. Bf1 Qf5 19. Bd3 1/2-1/2

[Event "Berkeley CS Rubinstein FNM; 30/90, SD/3"]
[Site "Berkeley"]
[Date "2011.08.05"]
[Round "2.3"]
[White "Muntean, Tudor"]
[Black "Narayanan, Praveen"]
[Result "0-1"]
[WhiteElo "1863"]
[BlackElo "1938"]
[PlyCount "104"]
[EventDate "2011.??.??"]
[SourceDate "2007.10.22"]

1. e4 e6 2. d4 d5 3. e5 c5 4. c3 Nc6 5. Nf3 cxd4 6. cxd4 Bd7 7. Nc3 Qb6 8. Bd3
Nxd4 9. Nxd4 Qxd4 10. O-O a6 11. Qe2 Ne7 12. Kh1 Nc6 13. f4 Bc5 14. a3 O-O 15.
Nd1 Qa4 16. Nc3 Qd4 17. Bd2 f6 18. Rf3 Nxe5 19. fxe5 Qxe5 20. Rh3 Qxe2 21.
Bxh7+ Kf7 22. Nxe2 e5 23. Rg3 g5 24. Rf1 Kg7 25. Bc2 Be7 26. Nc3 Be6 27. Bf5
Bxf5 28. Nxd5 Rfd8 29. Nxe7 Rxd2 30. Nxf5+ Kg6 31. Rb3 b5 32. Rh3 Rad8 33. b4
R8d3 34. Rh6+ Kf7 35. Rh7+ Ke6 36. Re7+ Kd5 37. Rd7+ Kc4 38. Ne3+ Kb3 39. Rxd3+
Rxd3 40. Rxf6 Rxe3 41. g3 Kxa3 42. Rxa6+ Kxb4 43. Rg6 Kc3 44. Rxg5 b4 45. Rg8
b3 46. Rc8+ Kd2 47. g4 b2 48. Rb8 Kc2 49. Rc8+ Rc3 50. Rb8 Rb3 51. Rc8+ Kd2 52.
Rd8+ Ke2 0-1

[Event "David Pruess FNM; 30/90, SD/30"]
[Site "Berkeley"]
[Date "2008.10.03"]
[Round "5.9"]
[White "Muntean, Tudor"]
[Black "Ren, James"]
[Result "0-1"]
[WhiteElo "1491"]
[BlackElo "1356"]
[PlyCount "38"]
[EventDate "2008.??.??"]
[SourceDate "2007.10.22"]

1. e4 c5 2. Nf3 d6 3. d4 cxd4 4. Nxd4 Nf6 5. Nc3 g6 6. f4 Nc6 7. Bb5 Bd7 8. Be3
Bg7 9. O-O Ng4 10. Bxc6 Nxe3 11. Bxd7+ Qxd7 12. Qd3 Nxf1 13. Rxf1 O-O 14. f5
Qc7 15. Nd5 Qd7 16. f6 exf6 17. Rxf6 Qa4 18. Rxd6 Qxd4+ 19. Kh1 Qxd3 0-1

[Event "Berkeley CC FNM; 30/90, SD/30"]
[Site "Berkeley"]
[Date "2009.05.29"]
[Round "5"]
[White "Muntean, Tudor"]
[Black "Rozenblatt, Daniel"]
[Result "0-1"]
[WhiteElo "1501"]
[BlackElo "1669"]
[PlyCount "48"]
[EventDate "2009.??.??"]
[SourceDate "2007.10.22"]

1. e4 e6 2. d4 d5 3. exd5 exd5 4. c4 Nf6 5. Nc3 Be7 6. Be3 O-O 7. Qb3 c6 8. Rc1
Re8 9. Bd3 Ng4 10. cxd5 Bh4 11. g3 Bg5 12. Be4 Nxe3 13. fxe3 Bxe3 14. Rd1 Qf6
15. Nf3 Rxe4 16. Nxe4 Qxf3 17. Rf1 Qxe4 18. d6 Be6 19. Qxb7 Bc1+ 20. Kf2 Qe3+
21. Kg2 Bd5+ 22. Kh3 Qh6+ 23. Kg4 Qg5+ 24. Kh3 Qh5# 0-1

[Event "Berkeley CC Reti FNM; 30/90, SD/60"]
[Site "Berkeley"]
[Date "2011.04.22"]
[Round "1.1"]
[White "Muntean, Tudor"]
[Black "Rumph, Todd F"]
[Result "0-1"]
[WhiteElo "1674"]
[BlackElo "2152"]
[PlyCount "56"]
[EventDate "2011.??.??"]
[SourceDate "2007.10.22"]

1. e4 c6 2. d4 d5 3. exd5 cxd5 4. c4 Nf6 5. Nc3 g6 6. Qb3 Bg7 7. cxd5 O-O 8.
Nf3 Nbd7 9. Bc4 Nb6 10. O-O Nxc4 11. Qxc4 Bf5 12. Re1 Qd6 13. Ne5 Qb6 14. Qc5
Rad8 15. Qxb6 axb6 16. Nc4 Nxd5 17. Nxd5 Rxd5 18. Rxe7 Rxd4 19. Ne3 Rfd8 20. h3
Bd7 21. Nc2 Rd1+ 22. Re1 Bf5 23. Bg5 Bxc2 24. Bxd8 Rxd8 25. Rac1 Bf5 26. Rc7
Bxb2 27. Rxb7 Bd4 28. Ree7 Be6 0-1

[Event "Berkeley CC Santasiere FNM; 30/90, SD/3"]
[Site "Berkeley CA"]
[Date "2009.08.28"]
[Round "4.9"]
[White "Muntean, Tudor"]
[Black "Scherer, Samuel"]
[Result "1-0"]
[WhiteElo "1578"]
[BlackElo "1107"]
[PlyCount "55"]
[EventDate "2009.??.??"]
[SourceDate "2007.10.22"]

1. e4 e5 2. Nf3 Nf6 3. Nxe5 d6 4. Nxf7 Kxf7 5. d4 d5 6. exd5 Qe8+ 7. Be3 Nxd5
8. Qh5+ g6 9. Qxd5+ Kg7 10. Qe5+ Qxe5 11. dxe5 Nc6 12. Bc4 Nxe5 13. Bd4 Bb4+
14. c3 Bd6 15. f4 Re8 16. O-O Bc5 17. fxe5 Rxe5 18. Rf7+ Kh6 19. Rxc7 Re1+ 20.
Kf2 Re7 21. Rxc5 b6 22. Re5 Rc7 23. Bd5 Bb7 24. Bxb7 Rxb7 25. Nd2 Rf7+ 26. Kg3
Rf5 27. Rxf5 gxf5 28. Rf1 1-0

[Event "Berkeley CC FNM; 30/90, SD/30"]
[Site "Berkeley"]
[Date "2009.05.08"]
[Round "2.5"]
[White "Muntean, Tudor"]
[Black "Sowell, Nelson M"]
[Result "1/2-1/2"]
[WhiteElo "1501"]
[BlackElo "1752"]
[PlyCount "89"]
[EventDate "2009.??.??"]
[SourceDate "2007.10.22"]

1. e4 Nf6 2. Bc4 d6 3. d4 c6 4. Nc3 g6 5. f3 Bg7 6. Be3 O-O 7. Qd2 d5 8. Be2
dxe4 9. fxe4 Ng4 10. Bxg4 Bxg4 11. Nf3 b5 12. O-O-O a5 13. Bh6 Bxf3 14. gxf3
Nd7 15. h4 Nb6 16. h5 Nc4 17. Qf4 e5 18. dxe5 Bxe5 19. Qg4 Qf6 20. hxg6 fxg6
21. Bg5 Bf4+ 22. Bxf4 Qxf4+ 23. Qxf4 Rxf4 24. Rh3 Raf8 25. Rd7 Rxf3 26. Rhxh7
Rf1+ 27. Nd1 R8f7 28. Rhxf7 Rxf7 29. Rxf7 Kxf7 30. b3 Ne5 31. Kd2 Ke6 32. Ke3
g5 33. Nf2 c5 34. Kd2 Kf6 35. Ke3 Kg6 36. Nd3 Nd7 37. Kf3 c4 38. Nf2 Ne5+ 39.
Ke3 Kf6 40. Kd4 cxb3 41. axb3 a4 42. bxa4 bxa4 43. Kc3 g4 44. Nxg4+ Nxg4 45.
Kb4 1/2-1/2

[Event "BCC Annual Championship"]
[Site "?"]
[Date "2008.11.21"]
[Round "5.8"]
[White "Muntean, Tudor"]
[Black "Strand, Douglas"]
[Result "1-0"]
[WhiteElo "1491"]
[BlackElo "1231"]
[PlyCount "63"]
[EventDate "2008.??.??"]
[SourceDate "2007.10.22"]

1. e4 a6 2. d4 b5 3. Nf3 Bb7 4. Bd3 e6 5. O-O c5 6. c3 d6 7. Re1 Nf6 8. d5 exd5
9. exd5+ Be7 10. Bg5 O-O 11. Bxh7+ Kxh7 12. Qe2 Nbd7 13. Qxe7 Bxd5 14. Qxd6
Bxf3 15. Qd3+ Kg8 16. Qxf3 Re8 17. Nd2 Ne5 18. Qf5 Qd6 19. Bxf6 Qxf6 20. Qxf6
gxf6 21. Ne4 Kg7 22. Nxc5 Nc4 23. b3 Rec8 24. Ne4 Ne5 25. f4 Nd3 26. Rf1 f5 27.
Nd6 Rc5 28. Rf3 Nb2 29. Rb1 Rd8 30. Nb7 Rd3 31. Nxc5 Rxf3 32. gxf3 1-0

[Event "Berkeley CC Santasiere FNM; 30/90, SD/3"]
[Site "Berkeley CA"]
[Date "2009.09.12"]
[Round "6.7"]
[White "Muntean, Tudor"]
[Black "Wang, Michael Lei"]
[Result "1-0"]
[WhiteElo "1578"]
[BlackElo "1140"]
[PlyCount "43"]
[EventDate "2009.??.??"]
[SourceDate "2007.10.22"]

1. e4 e5 2. Nf3 Nc6 3. Bc4 Bc5 4. b4 Bxb4 5. c3 Bc5 6. d4 Bd6 7. dxe5 Nxe5 8.
Nxe5 Bxe5 9. Bxf7+ Kxf7 10. Qh5+ Ke6 11. Qf5+ Kd6 12. Na3 Bxc3+ 13. Ke2 Bxa1
14. Qf7 c6 15. Bf4+ Be5 16. Rd1+ Kc7 17. Bxe5+ Kb6 18. Rb1+ Ka5 19. Qc4 b5 20.
Rxb5+ Ka6 21. Rb8+ Ka5 22. Bc3# 1-0

[Event "Blackburne Friday Night Marathon"]
[Site "Berkeley"]
[Date "2009.04.03"]
[Round "4.4"]
[White "Muntean, Tudor"]
[Black "Watson, Farid Mark"]
[Result "0-1"]
[WhiteElo "1456"]
[BlackElo "1938"]
[PlyCount "58"]
[EventDate "2009.??.??"]
[SourceDate "2007.10.22"]

1. e4 g6 2. d4 Bg7 3. Nc3 d6 4. Nf3 c6 5. Bc4 Nf6 6. O-O b5 7. Bd3 a6 8. Qe2 b4
9. e5 dxe5 10. dxe5 Nd5 11. Ne4 O-O 12. h3 Nd7 13. Ng3 Nc5 14. Rd1 Qc7 15. Bc4
h6 16. Bxd5 cxd5 17. Rxd5 Bb7 18. Rd1 Bxf3 19. Qxf3 Qxe5 20. Be3 Ne6 21. c3
bxc3 22. bxc3 Qxc3 23. Rac1 Qa3 24. Rc2 Rac8 25. Rcd2 Rc1 26. Rxc1 Qxc1+ 27.
Rd1 Qa3 28. Qd5 Rd8 29. Rd3 Qxd3 0-1

[Event "Berkeley CC FNM; 30/90, SD/30"]
[Site "Berkeley"]
[Date "2009.05.22"]
[Round "4.8"]
[White "Muntean, Tudor"]
[Black "Yan, Jimmy"]
[Result "1-0"]
[WhiteElo "1501"]
[BlackElo "1317"]
[PlyCount "59"]
[EventDate "2009.??.??"]
[SourceDate "2007.10.22"]

1. e4 c5 2. d4 cxd4 3. c3 d6 4. cxd4 Nf6 5. Nc3 g6 6. f4 e6 7. Nf3 Bg7 8. Be3
Nc6 9. Bc4 Ng4 10. Qd2 O-O 11. h4 h5 12. e5 dxe5 13. fxe5 a6 14. Bd3 Qc7 15.
Ne4 b5 16. Rc1 Bb7 17. Bg5 Kh7 18. Nf6+ Kh8 19. Nxg4 hxg4 20. Nh2 Qb6 21. Nxg4
Qxd4 22. h5 Qxg4 23. hxg6+ Kg8 24. gxf7+ Rxf7 25. Bh7+ Kf8 26. Qd6+ Ke8 27. Bg6
Qg3+ 28. Kd1 Qg4+ 29. Ke1 Nd4 30. Qe7# 1-0

[Event "Berkeley CC Capablanca FNM; 30/90, SD/3"]
[Site "Berkeley"]
[Date "2011.09.16"]
[Round "1.7"]
[White "Narayanan, Praveen"]
[Black "Acosta, Anthony"]
[Result "1/2-1/2"]
[WhiteElo "1972"]
[BlackElo "1643"]
[PlyCount "124"]
[EventDate "2011.??.??"]
[SourceDate "2007.10.22"]

1. Nf3 d5 2. c4 Nf6 3. g3 c6 4. Bg2 Bg4 5. Ne5 Bh5 6. Qb3 Qb6 7. Nc3 Qxb3 8.
axb3 e6 9. d4 Nbd7 10. Nd3 Bd6 11. Bf4 Bxf4 12. Nxf4 Bg4 13. f3 Bf5 14. e4 g5
15. Nfxd5 Nxd5 16. cxd5 Bg6 17. dxe6 fxe6 18. h4 gxh4 19. Rxh4 a6 20. Kf2 Rf8
21. Ke3 O-O-O 22. Bh3 Rde8 23. Ra5 Kc7 24. Na4 b5 25. Nc3 Kb6 26. Ra1 Rf7 27.
b4 Kb7 28. e5 Nb6 29. Bf1 Ref8 30. f4 Rd8 31. Rh2 Rfd7 32. Rd2 Bf5 33. Be2 Rg7
34. Kf2 Rdg8 35. Rg1 h5 36. Bxh5 Nc4 37. Re2 Bd3 38. b3 Bxe2 39. Nxe2 Nd2 40.
Ke3 Nxb3 41. g4 a5 42. Rb1 a4 43. f5 exf5 44. gxf5 Rg5 45. Bg6 R5xg6 46. fxg6
Rxg6 47. Rb2 Kc7 48. Ke4 Kd7 49. Nf4 Rg4 50. Kf5 Rxf4+ 51. Kxf4 Ke6 52. Ke4 Ke7
53. Rf2 Ke6 54. Rf6+ Kd7 55. Rf7+ Ke8 56. Ra7 Nd2+ 57. Kf5 Nf3 58. Ke4 Nd2+ 59.
Kd3 Nc4 60. Kc3 Nb6 61. Ra6 Nd5+ 62. Kd2 Nxb4 1/2-1/2

[Event "Berkeley CC Colle FNM; 30/90, SD/30"]
[Site "Berkeley"]
[Date "2011.07.01"]
[Round "4.2"]
[White "Narayanan, Praveen"]
[Black "Chamberlain, Ethan"]
[Result "1-0"]
[WhiteElo "1903"]
[BlackElo "1966"]
[PlyCount "74"]
[EventDate "2011.??.??"]
[SourceDate "2007.10.22"]

1. c4 e5 2. Nc3 Nf6 3. g3 d5 4. cxd5 Nxd5 5. Bg2 Nb6 6. d3 Be7 7. Nf3 Nc6 8.
O-O O-O 9. a3 Be6 10. b4 Nd4 11. Nxd4 exd4 12. Ne4 Rb8 13. Bb2 Nc8 14. Rc1 b6
15. b5 Bd5 16. Qa4 f5 17. Nd2 Bxg2 18. Kxg2 Qd5+ 19. Nf3 Bc5 20. Bxd4 Nd6 21.
Kg1 Rfd8 22. Bxc5 bxc5 23. Rb1 Re8 24. Rfe1 c4 25. dxc4 Qxc4 26. Qxc4+ Nxc4 27.
a4 Nb6 28. a5 Nc4 29. Nd4 Nxa5 30. Ra1 Re4 31. e3 Nc4 32. Rxa7 Nd6 33. Rc1 Ne8
34. h4 g6 35. Rc6 Re5 36. Kg2 Kh8 37. Kf3 Kg8 {remainder illegible} 1-0

[Event "Berkeley CS Rubinstein FNM; 30/90, SD/3"]
[Site "Berkeley"]
[Date "2011.07.29"]
[Round "1.4"]
[White "Narayanan, Praveen"]
[Black "Kenny, Michael"]
[Result "1-0"]
[WhiteElo "1938"]
[BlackElo "1671"]
[PlyCount "49"]
[EventDate "2011.??.??"]
[SourceDate "2007.10.22"]

1. c4 Nf6 2. d4 b6 3. Nc3 Bb7 4. d5 d6 5. e4 e5 6. Bd3 Be7 7. Nge2 c6 8. O-O
cxd5 9. cxd5 Nbd7 10. Ng3 a6 11. Bg5 Nxe4 12. Ncxe4 Nc5 13. Bxe7 Qxe7 14. Nf5
Qd7 15. Nxc5 bxc5 16. Nxg7+ Kd8 17. Bf5 Qe7 18. Nh5 Qg5 19. Ng3 h5 20. Qa4 Qe7
21. Rad1 h4 22. Ne4 Rh5 23. Bg4 Rh6 24. f4 exf4 25. Rfe1 1-0

[Event "Berkeley CC De Firmian FNM; 30/90, SD/30"]
[Site "Berkeley"]
[Date "2012.05.04"]
[Round "6.3"]
[White "Narayanan, Praveen"]
[Black "Kenny, Michael Joh"]
[Result "1-0"]
[WhiteElo "1961"]
[BlackElo "1780"]
[PlyCount "101"]
[EventDate "2012.??.??"]

1. Nf3 d5 2. d4 c5 3. g3 cxd4 4. Bg2 Nc6 5. Nxd4 Nf6 6. Nxc6 bxc6 7. O-O e6 8.
c4 Be7 9. b4 Bxb4 10. Qa4 Qb6 11. Be3 Bc5 12. Bxc5 Qxc5 13. Nd2 O-O 14. e4 Qd4
15. Rad1 a5 16. Qxc6 Bd7 17. Qd6 Ba4 18. Nb3 Qxc4 19. exd5 Rfd8 20. Qa3 Bxb3
21. axb3 Qe2 22. Rde1 Qb5 23. dxe6 Ra7 24. Bh3 Qb4 25. exf7+ Rxf7 26. Qc1 Kf8
27. Qc6 Qd6 28. Qf3 Re7 29. Rd1 Qb6 30. Rxd8+ Qxd8 31. Rd1 Qb8 32. Bf1 Qb6 33.
Bc4 g6 34. h4 Kg7 35. Qc3 Kf8 36. Rd5 Qxf2+ 37. Kxf2 Ne4+ 38. Kf3 Nxc3 39. Rxa5
Ne4 40. Rd5 Nf6 41. Rd8+ Kg7 42. Rd4 Nd7 43. -- h5 44. Re4 Rxe4 45. Kxe4 Kf6
46. b4 g5 47. Bb5 gxh4 48. Bxd7 hxg3 49. Bh3 Ke7 50. Kd5 g2 51. Bxg2 {etc} 1-0

[Event "Berkeley CC Colle FNM; 30/90, SD/30"]
[Site "Berkeley"]
[Date "2011.06.24"]
[Round "3.4"]
[White "Narayanan, Praveen"]
[Black "Krasnov, Steven"]
[Result "1-0"]
[WhiteElo "1903"]
[BlackElo "1956"]
[PlyCount "65"]
[EventDate "2011.??.??"]
[SourceDate "2007.10.22"]

1. Nf3 c5 2. c4 Nc6 3. g3 g6 4. Bg2 Bg7 5. Nc3 e6 6. O-O Nge7 7. d3 O-O 8. Bg5
h6 9. Be3 Nd4 10. Ne4 Qc7 11. Bxd4 cxd4 12. Rc1 f5 13. Ned2 d6 14. b4 Bd7 15.
a4 a6 16. Qb3 Kh7 17. Rc2 Rac8 18. Rfc1 Qb6 19. Ne1 e5 20. a5 Qa7 21. Ra1 Rc7
22. Rac1 Be6 23. Qa4 Rfc8 24. b5 axb5 25. cxb5 Rxc2 26. Rxc2 Rxc2 27. b6 Qa8
28. Nxc2 Qc8 29. a6 bxa6 30. b7 Qc7 31. Qe8 f4 32. b8=Q Qxc2 33. Qxe7 1-0

[Event "Berkeley CC De Firmian FNM; 30/90, SD/30"]
[Site "Berkeley"]
[Date "2012.04.13"]
[Round "3.1"]
[White "Narayanan, Praveen"]
[Black "Lesquillier, Walte"]
[Result "1-0"]
[WhiteElo "1961"]
[BlackElo "1746"]
[PlyCount "95"]
[EventDate "2012.??.??"]

1. Nf3 Nf6 2. c4 g6 3. g3 Bg7 4. Bg2 O-O 5. d4 c5 6. O-O cxd4 7. Nxd4 Nc6 8.
Nc3 Nxd4 9. Qxd4 d6 10. Qh4 Be6 11. Bxb7 Rb8 12. Bf3 Qa5 13. a3 Rfc8 14. b4
Rxb4 15. axb4 Qxa1 16. Bd2 Qb2 17. Qg5 Bxc4 18. Rb1 Qa3 19. b5 d5 20. Qe3 e6
21. Nxd5 Qxe3 22. Nxe3 Nd5 23. Rc1 Nb6 24. Bb7 Rc7 25. Nxc4 Rxc4 26. Rxc4 Nxc4
27. Bb4 Bf8 28. Bc3 Bc5 29. Kg2 Kf8 30. Bf6 Be7 31. Bd4 Nb6 32. Bc6 Bd6 33. e4
Ke7 34. e5 Bb4 35. Kf3 h5 36. Ke4 Nc8 37. f3 Nb6 38. g4 hxg4 39. fxg4 Kf8 40.
h4 Kg7 41. h5 Be7 42. Kf4 gxh5 43. gxh5 f6 44. h6+ Kxh6 45. exf6 Bd8 46. Ke5
Kg6 47. Be8+ Kh7 48. Kxe6 1-0

[Event "Berkeley CC Reti FNM; 30/90, SD/60"]
[Site "Berkeley"]
[Date "2011.04.22"]
[Round "1.11"]
[White "Narayanan, Praveen"]
[Black "Lesquillier, Walte"]
[Result "1/2-1/2"]
[WhiteElo "1962"]
[BlackElo "1729"]
[PlyCount "77"]
[EventDate "2011.??.??"]
[SourceDate "2007.10.22"]

1. Nf3 Nf6 2. d4 e6 3. c4 Bb4+ 4. Bd2 Qe7 5. a3 Bxd2+ 6. Nbxd2 O-O 7. e3 b6 8.
Bd3 Bb7 9. Qc2 d5 10. O-O c5 11. e4 dxe4 12. Nxe4 Nbd7 13. Rfe1 Bxe4 14. Bxe4
Nxe4 15. Qxe4 Nf6 16. Qe5 cxd4 17. Nxd4 Qb7 18. Rad1 Rfd8 19. Nb5 Rd7 20. Nd6
Qc6 21. b4 Rad8 22. c5 bxc5 23. bxc5 Nd5 24. Rc1 h6 25. g3 Nf6 26. Rc3 Qd5 27.
Qe2 Qc6 28. Qb2 Ne8 29. Nxe8 Rxe8 30. Rb1 Rc7 31. Qb5 Qxb5 32. Rxb5 Rec8 33.
Kf1 Kf8 34. Ke2 Ke7 35. Kd3 Rd8+ 36. Kc4 Rd2 37. Rf3 f6 38. a4 e5 39. a5
1/2-1/2

[Event "Berkeley CC Reti FNM; 30/90, SD/60"]
[Site "Berkeley CA"]
[Date "2011.05.06"]
[Round "3.4"]
[White "Narayanan, Praveen"]
[Black "Poehlmann, Roger"]
[Result "0-1"]
[WhiteElo "1978"]
[BlackElo "2264"]
[PlyCount "76"]
[EventDate "2011.??.??"]
[SourceDate "2007.10.22"]

1. Nf3 d5 2. d4 Nf6 3. c4 e6 4. cxd5 exd5 5. Nc3 c6 6. Bg5 Be7 7. e3 Bf5 8. Qb3
Qb6 9. Ne5 Qxb3 10. axb3 Nbd7 11. Nxd7 Kxd7 12. Kd2 h6 13. Bxf6 Bxf6 14. Bd3
Bxd3 15. Kxd3 g6 16. Ra4 Be7 17. Rha1 a6 18. Re1 f5 19. f3 Bd6 20. g3 h5 21. e4
dxe4+ 22. fxe4 h4 23. e5 hxg3 24. hxg3 Be7 25. d5 Rh3 26. Re3 Bg5 27. dxc6+
bxc6 28. Rf3 Ke6 29. Ra5 Be7 30. Kc4 Rh2 31. Na4 Re2 32. Nc5+ Kxe5 33. Kd3 Re1
34. Kd2 Rg1 35. Re3+ Kf6 36. Nd7+ Kf7 37. Ne5+ Kg7 38. Nxc6 Bg5 0-1

[Event "Berkeley CC De Firmian FNM; 30/90, SD/30"]
[Site "Berkeley"]
[Date "2012.03.30"]
[Round "1.4"]
[White "Narayanan, Praveen"]
[Black "Shaughnessy, Eliza"]
[Result "1-0"]
[WhiteElo "1961"]
[BlackElo "1580"]
[PlyCount "69"]
[EventDate "2012.??.??"]

1. d4 Nf6 2. c4 e5 3. dxe5 Ng4 4. Bf4 Bb4+ 5. Nc3 Nc6 6. Nf3 Qe7 7. Qd5 f6 8.
e6 Nge5 9. Bxe5 dxe6 10. Qd3 Nxe5 11. Nxe5 fxe5 12. g3 O-O 13. Bg2 c6 14. Rd1
Qf6 15. O-O Bc5 16. Ne4 Qe7 17. Nxc5 Qxc5 18. b3 b6 19. Qd6 Qxd6 20. Rxd6 Bb7
21. Rfd1 Rab8 22. Bxc6 Bxc6 23. Rxc6 Rf6 24. Rdd6 Rbf8 25. f3 e4 26. f4 e5 27.
Rxf6 Rxf6 28. Rxf6 gxf6 29. fxe5 fxe5 30. Kf2 Kf7 31. Ke3 Kf6 32. Kxe4 Ke6 33.
b4 a6 34. g4 h6 35. h4 1-0

[Event "Berkeley CS Rubinstein FNM; 30/90, SD/3"]
[Site "Berkeley"]
[Date "2011.08.19"]
[Round "4.2"]
[White "Narayanan, Praveen"]
[Black "Smail, John"]
[Result "1-0"]
[WhiteElo "1938"]
[BlackElo "1837"]
[PlyCount "69"]
[EventDate "2011.??.??"]
[SourceDate "2007.10.22"]

1. Nf3 f5 2. d3 d6 3. e4 Nc6 4. Nc3 e5 5. Be2 Nge7 6. Bg5 Be6 7. d4 Nxd4 8.
Nxd4 exd4 9. exf5 Bxf5 10. Qxd4 Qd7 11. Bh5+ Ng6 12. O-O-O Kf7 13. Rhe1 Re8 14.
g4 Be6 15. f4 Bxg4 16. Rxe8 Bxd1 17. Re1 c6 18. Qxd1 h6 19. Bg4 Qc7 20. Be6+
Ke8 21. Bd7+ Kf7 22. Be6+ Ke8 23. Bf5+ Ne7 24. Qh5+ Kd8 25. Bxe7+ Bxe7 26. Be6
Rf8 27. f5 Bg5+ 28. Kb1 Bd2 29. Rd1 Bxc3 30. bxc3 Qb6+ 31. Ka1 Qc5 32. Qh4+ Rf6
33. Qd4 Qxd4 34. Rxd4 Kc7 35. Rg4 1-0

[Event "Berkeley CC Colle FNM; 30/90, SD/30"]
[Site "Berkeley"]
[Date "2011.06.10"]
[Round "1.4"]
[White "Narayanan, Praveen"]
[Black "Stearman, Josiah P"]
[Result "1-0"]
[WhiteElo "1903"]
[BlackElo "1667"]
[PlyCount "59"]
[EventDate "2011.??.??"]
[SourceDate "2007.10.22"]

1. c4 e6 2. g3 d5 3. d4 c5 4. Bg2 Nc6 5. cxd5 exd5 6. Nf3 Nf6 7. O-O Be7 8. Nc3
O-O 9. a3 Re8 10. dxc5 Bxc5 11. b4 Bb6 12. Bg5 d4 13. Na4 Bc7 14. Rc1 h6 15.
Bxf6 gxf6 16. Nc5 b6 17. Nd3 Bb7 18. Nh4 Qd7 19. Qd2 Kh7 20. Nf4 Nd8 21. Bxb7
Nxb7 22. Qc2+ d3 23. Qxc7 Qxc7 24. Rxc7 d2 25. Rxf7+ Kg8 26. Rxb7 Red8 27. Nh5
Rd6 28. Ng6 Rd7 29. Rxd7 d1=Q 30. Nxf6# 1-0